000 03133nam a2200397 a 4500
003 DO-SdBPM
005 20250730112419.0
007 ta
008 220615e2015 dr aoh|gr|||| 001 edspa d
020 _a9789945586244
040 _aDO-SdBPM
_bspa
_cBPMSI
_erda
082 4 _a 972.93053
_bB673o 2015
_2 22
100 1 _aBofill Pérez, María Antonia,
_d1954-
_eautor
245 1 3 _aLa olvidada expedición a Santo Domingo en 1959 /
_cMaría Antonia Bofill Pérez ; presentación, Miguelina Crespo V.; Edición y corrección, William Capellán Ferreira, Daniel García Santos
250 _a2da. ed.
260 _b
264 _aSanto Domingo :
_bComisión Permanente de Efemérides Patrias,
_c2015
300 _a195 páginas :
_bilustraciones, fotorgrafía ;
_c23 cm.
336 _atexto
_btxt
_2rdacontent
337 _asin mediación
_bn
_2rdamedia
338 _avolumen
_bnc
_2rdacarrier
490 0 _aComisión Permanente de Efemérides Patrias,
_v229
500 _aIncluye datos biográficos del autor en la solapa de la cubierta
500 _aIncluye índice onomástico,
504 _aBibliografía: páginas. 183- 184
505 0 _aPresentación / Ángela Peña, 11.-- A modo de presentación, 15.-- Antecedentes. Fidel en el proceso de Cayo Confites, año 1947, 24.-- Las victorias del Ejército Rebelde, 27.-- Triunfo de la Revolución Cubana, 29.-- Los que estuvieron en Mil Cumbres, testimonios de los participantes en los hechos, 32.-- Primeras acciones para la salida, 38.-- Los hechos. Lugar y fecha de la salida, 48.-- Rumbo este, hacia el Paso de los Vientos, 53.-- Se traspasan la cortina de acero, 54.-- Las consecuencias. El desembarco lo hicimos por Haití, 61.--Y... que estos días serían recordados, 67.-- La invasión del Argelino, 70.-- Empecé a soñar que nos estaban atacando, 75.-- La captura, 82.-- Los expedicionarios narran sus vivencias en las carceles de Haití, 87.-- Retorno a casa. La llegada a Cuba, 98.-- Los recuerdos, 108.-- Los expedicionarios. Relación de los expedicionarios del 10 de agosto de 1959, 113.-- Biografías de los inmolados, 115.-- A modo de conclusión. Entrevista íntegra realizada por María Antonia Bofill Pérez a Delio Gómez Ochoa [...], 154.-- De la entrevista a Roberto Fajardo Soto, 162.-- Anexos. Carta de José Ramón Fernández Mengual a Delio Gómez Ochoa [...], 167.-- Recorte del periódico El Mundo: «Cubanos prisioneros», 168.-- Propuestas de condecoraciones, 171.-- «El Gaucho», tomado de Ese hombre y otros papeles personales, de Rodolfo Walsh, 177.-- Carta de los dominicanos a los puertopradenses, 182.-- Bibliografía, 183.
590 _aInventariado 2025 /VM
651 7 _aSanto Domingo (República Domincana)
_xHistoria
_y Era de Trujillo 1930-1961
_v
651 7 _aRepública Dominicana
_xHistoria
_yExpedición de junio 1959
700 1 _aCrespo V., Miguelina
_epresentación
700 1 _aCapellán Ferreira, William
_eeditor
700 1 _aGarcía Santos, Daniel
_eeditor
710 2 _aRepública Dominicana.
_b Archivo General de la Nación
910 _aVMateo V. Control de calidad. BPMSU
942 _2ddc
_cBK
999 _c13272
_d13272